Автоматизированный электропривод: [тематический сборник]

Bibliografiske detaljer
Institution som forfatter: Московский энергетический институт
Andre forfattere: Сиротин А. А. (редактор)
Sprog:russisk
Udgivet: Москва, Изд-во МЭИ, 1977
Serier:Труды Московского энергетического института (МЭИ) Вып. 325
Fag:
Format: MixedMaterials Bog
KOHA link:https://koha.lib.tpu.ru/cgi-bin/koha/opac-detail.pl?biblionumber=361536

MARC

LEADER 00000nam0a2200000 4500
001 361536
005 20250211063217.0
035 |a (RuTPU)RU\TPU\retro\18866 
035 |a RU\TPU\retro\18864 
090 |a 361536 
100 |a 20210618d1977 k y0rusy5003 ca 
101 0 |a rus 
102 |a RU 
105 |a y z 001zy 
200 1 |a Автоматизированный электропривод  |e [тематический сборник]  |f Московский энергетический институт ; под ред. А. А. Сиротина 
210 |a Москва  |c Изд-во МЭИ  |d 1977 
215 |a 104 с.  |c табл., ил. 
225 1 |a Труды Московского энергетического института (МЭИ)  |v Вып. 325 
320 |a Библиогр. в конце ст. 
500 1 0 |a Труды Московского энергетического института  |9 88841 
606 1 |a Автоматизированный электропривод  |2 stltpush  |3 (RuTPU)RU\TPU\subj\748  |9 29559 
610 1 |a замкнутый электропривод 
610 1 |a дискретный электропривод 
610 1 |a цифровое управление 
610 1 |a предпроектный анализ 
610 1 |a двухмассовые системы 
610 1 |a параллельная коррекция 
610 1 |a комплектные устройства 
610 1 |a тиристорные преобразователи 
610 1 |a копающие механизмы 
610 1 |a погрешности измерения 
610 1 |a координатная точность 
610 1 |a электромеханические системы 
610 1 |a динамика 
610 1 |a цементные печи 
610 1 |a переходные процессы 
610 1 |a подчиненное регулирование 
610 1 |a детерминизм 
610 1 |a прокатные станы 
610 1 |a толщина 
610 1 |a электроприводы 
610 1 |a следящий электропривод 
610 1 |a исполнительные системы 
610 1 |a астатические системы 
610 1 |a датчики 
675 |a 62-83-52  |v 3 
702 1 |a Сиротин  |b А. А.  |4 340 
712 0 2 |a Московский энергетический институт  |c (1930-1992)  |3 (RuTPU)RU\TPU\col\20092  |9 27693 
801 0 |a RU  |b 63413507  |c 19950704  |g psbo 
801 1 |a RU  |b 63413507  |c 20060118  |g PSBO 
801 2 |a RU  |b 63413507  |c 20220211  |g PSBO 
942 |c BK